| 000 | 00477nam a22001337a 4500 | ||
|---|---|---|---|
| 005 | 20241007095925.0 | ||
| 008 | 241007b |||||||| |||| 00| 0 eng d | ||
| 100 |
_aQuizzagan, Milagros B. _eauthor. _962390 |
||
| 245 |
_aDo we really have a choice? / _cMilagros B. Quizzagan. |
||
| 260 |
_aPhilippines: _bPublishers Association of the Philippines, Inc., _cMarch 2019. |
||
| 300 | _aVolume 66, pages 370. | ||
| 700 |
_aQuizzagan, Milagros B. _eauthor. _962391 |
||
| 942 |
_2ddc _cPER |
||
| 999 |
_c22276 _d22276 |
||